UFC Quotes - Statistics

General Stats
  • This quiz has been taken 368 times
  • The average score is 10 of 15
Answer Stats
Hint Answer % Correct
"I'd like to take this chance to apologize... to absolutely nobody!" Conor McGregor
99%
"Tomorrow night I'm gonna smesh your boy, guys" Khabib Nurmagomedov
95%
"I would literally kill you if you spit in my face" Jon Jones
89%
"Hey, I'm not surprised mother******s" Nate Diaz
80%
"I can't let you get close!" Chael Sonnen
79%
"Pound-for-pound! Headshot, dead!" Leon Edwards
75%
"I am not impressed by your performance" Georges St-Pierre
74%
"It was super necessary" Jorge Masvidal
67%
"Imma leave you frozen like Elsa" Israel Adesanya
66%
"You've got Dana White privilege" Tony Ferguson
58%
"Lightweight belt on the line, pound-for-pound number 1 on the line, let's do it" Alexander Volkanovski
54%
"I love you! See you soon, boy" Yoel Romero
51%
"You can't be done talking to me, you're right here facing me, dummy" Dominick Cruz
40%
"I take sh**s bigger than that kid, alright?" Brock Lesnar
36%
"I wanna outlive my children" Tito Ortiz
35%
No matching quizzes found
Score Distribution
Percent of People with Each Score
Percentile by Number Answered
Your Score History
You have not taken this quiz